[Event "32.Schlosspark-Open"]
[Site "Wiesbaden-Biebrich"]
[Date "2023.08.25"]
[Round "3.82"]
[White "Spreer, Lutz"]
[Black "Henzelmann, Matthias"]
[Result "0-1"]
[WhiteElo "1560"]
[BlackElo "1443"]
[PlyCount "166"]
[EventDate "2023.??.??"]
[WhiteTeam "Erster Burgstädter SK 19"]
[BlackTeam "SC Heuchelheim"]

1. e4 c5 2. Nf3 e6 3. b4 cxb4 4. c3 d5 5. cxb4 dxe4 6. Ne5 f6 7. Bb5+ Bd7 8. Bxd7+ Nxd7 9. Qh5+ Ke7 10. Qf7+ Kd6 11. Nc4+ Kc7 12. Nc3 Qe7 13. Nb5+ Kc6 14. Nbd6 b5 15. Qxe7 Bxe7 16. Nf7 bxc4 17. Nxh8 Nh6 18. b5+ Kb6 19. a4 Rxh8 20. Bb2 Nf5 21. g4 Nh4 22. Bd4+ Bc5 23. a5+ Kxb5 24. Bc3 Nf3+ 25. Kf1 Rb8 26. Kg2 Kc6 27. h4 Nde5 28. g5 h6 29. Ra4 Kd5 30. a6 Nd4 31. Re1 Ndc6 32. Rc1 Bd4 33. Ba5 Nxa5 34. Rxa5+ Kc6 35. f4 Nd3 36. Rxc4+ Bc5 37. Rxe4 Kd5 38. Rea4 Rb2 39. Ra2 Rxa2 40. Rxa2 Nxf4+ 41. Kf3 Nd3 42. Kg4 Ne5+ 43. Kh5 hxg5 44. hxg5 f5 45. Rb2 Bb6 46. Rb3 Kd6 47. Rb4 Kc5 48. Rf4 Kd5 49. Rb4 Kc5 50. Rb1 Kd6 51. Re1 Kd5 52. Rd1 f4 53. g6 f3 54. Kg5 f2 55. Rb1 Nc4 56. Rd1 Ke4 57. d3+ Ke3 58. dxc4 Ke2 59. Rb1 f1=Q 60. Rxf1 Kxf1 61. Kf4 Ke2 62. Ke5 Kd3 63. Kxe6 Kxc4 64. Kd6 Kb5 65. Kd5 Kxa6 66. Kc4 Ka5 67. Kd5 Kb4 68. Kc6 Bd4 69. Kd5 Bf6 70. Ke4 a5 71. Kd3 Kb3 72. Kd2 a4 73. Kc1 a3 74. Kd2 a2 75. Ke3 a1=Q 76. Ke4 Qd4+ 77. Kf5 Qe5+ 78. Kg4 Kc3 79. Kh3 Qg5 80. Kh2 Qg4 81. Kh1 Kd2 82. Kh2 Ke2 83. Kh1 Kf2 0-1

[Event "32.Schlosspark-Open"]
[Site "Wiesbaden-Biebrich"]
[Date "2023.08.25"]
[Round "3.83"]
[White "Stojanoski, Stefan"]
[Black "Vick, Edward"]
[Result "0-1"]
[WhiteElo "1162"]
[BlackElo "1341"]
[PlyCount "144"]
[EventDate "2023.??.??"]
[WhiteTeam "SAbt TuS Makkabi Ffm"]
[BlackTeam "TuS Makkabi Wiesbaden"]

1. e4 c5 2. Nf3 e6 3. d4 cxd4 4. Nxd4 Nc6 5. Be3 a6 6. Nc3 Qc7 7. Qd2 Nf6 8. g3 Bb4 9. a3 Bxc3 10. Qxc3 Nxe4 11. Qb3 d5 12. Bg2 Nf6 13. O-O O-O 14. Qc3 e5 15. Nxc6 bxc6 16. Qe1 Rb8 17. b3 Bf5 18. Rc1 Qd7 19. h3 Bxh3 20. Kh2 Bxg2 21. Kxg2 e4 22. Qd2 Qg4 23. Qd1 Qxd1 24. Rfxd1 Nh5 25. Rh1 Nf6 26. Rh3 Ng4 27. Rch1 Nxe3+ 28. fxe3 h6 29. g4 f5 30. gxf5 Rxf5 31. Rf1 Rxf1 32. Kxf1 Rf8+ 33. Ke2 Kh7 34. c4 g5 35. cxd5 cxd5 36. b4 Rc8 37. Kd2 Rc4 38. Rg3 a5 39. b5 Rc5 40. a4 Rc4 41. Rg1 Rc8 42. Rb1 Rb8 43. Kc3 Kg6 44. Kd4 Kf6 45. Kxd5 Ke7 46. Kc6 Kd8 47. b6 g4 48. b7 h5 49. Rd1+ Ke7 50. Kc7 Rxb7+ 51. Kxb7 h4 52. Ka6 g3 53. Kxa5 g2 54. Rb1 h3 55. Rb7+ Kd8 56. Rg7 h2 57. Rg8+ Kc7 58. Rg7+ Kd6 59. Rg6+ Kc5 60. Rxg2 h1=Q 61. Rc2+ Kd6 62. Rd2+ Kc7 63. Rc2+ Kb7 64. Rb2+ Ka7 65. Rb4 Qe1 66. Kb5 Qxe3 67. a5 Qd3+ 68. Kc5 e3 69. Rb6 Qc2+ 70. Kd5 e2 71. Re6 Qa2+ 72. Kd6 Qxe6+ 0-1

[Event "32.Schlosspark-Open"]
[Site "Wiesbaden-Biebrich"]
[Date "2023.08.25"]
[Round "3.84"]
[White "Heitmann, Dirk"]
[Black "Papadopoulos, Kyriakos"]
[Result "0-1"]
[WhiteElo "1554"]
[BlackElo "1411"]
[PlyCount "75"]
[EventDate "2023.??.??"]
[WhiteTeam "SVG Eppstein 1932"]
[BlackTeam "VSG 1880 Offenbach"]

1. Nf3 Nf6 2. g3 Nc6 3. d4 d5 4. Bg2 Bf5 5. O-O e6 6. c4 h6 7. Nc3 dxc4 8. Re1 Bg4 9. Qa4 Be7 10. Ne5 O-O 11. Nxc6 bxc6 12. Bxc6 Rb8 13. Qxa7 Qd6 14. Bg2 Rfd8 15. e3 Nd5 16. Qa4 Rb4 17. Qc2 Qb6 18. Bf1 Qc6 19. a3 Rbb8 20. Nb1 Nb6 21. Bg2 Bf3 22. Bxf3 Qxf3 23. Qe2 Qf5 24. Nd2 Qd3 25. Nf3 c5 26. Ne5 Qe4 27. Nf3 cxd4 28. Nxd4 Rdc8 29. Bd2 Nd7 30. f3 Qg6 31. Bc3 Ne5 32. Rf1 Nd3 33. Nc2 Nxb2 34. Nb4 Nd3 35. Nxd3 Qxd3 36. Qxd3 cxd3 37. Bd2 Rc2 38. Rfd1 0-1

[Event "32.Schlosspark-Open"]
[Site "Wiesbaden-Biebrich"]
[Date "2023.08.25"]
[Round "3.85"]
[White "Niedenthal, Robert"]
[Black "Moissl, Felix"]
[Result "0-1"]
[WhiteElo "1536"]
[BlackElo "1347"]
[PlyCount "58"]
[EventDate "2023.??.??"]
[WhiteTeam "SV 1920 Hofheim"]
[BlackTeam "SJ Herborn 1998"]

1. Nf3 d5 2. b3 Bf5 3. Bb2 e6 4. g3 Nf6 5. Bg2 Nc6 6. O-O Bd6 7. d3 O-O 8. Nbd2 e5 9. Nh4 Be6 10. Ndf3 Re8 11. a3 Qd7 12. Ng5 Rad8 13. Nxe6 Qxe6 14. Nf3 h6 15. h3 Ne7 16. g4 e4 17. dxe4 dxe4 18. Nd4 Qe5 19. Re1 e3 20. f4 Qxf4 21. Nf3 Bb4 22. Qc1 Bxe1 23. Qxe1 Ng6 24. Rd1 Rxd1 25. Qxd1 Qg3 26. Qe1 Ne4 27. Qxg3 Nxg3 28. Bf1 Nf4 29. Bc1 Ngxe2+ 0-1

[Event "32.Schlosspark-Open"]
[Site "Wiesbaden-Biebrich"]
[Date "2023.08.25"]
[Round "3.86"]
[White "Manasek, Martin"]
[Black "Barth, Horst"]
[Result "1/2-1/2"]
[WhiteElo "1519"]
[BlackElo "1242"]
[PlyCount "106"]
[EventDate "2023.??.??"]
[WhiteTeam "SC Flörsheim 1921"]
[BlackTeam "Sfr.Mainz 1928"]

1. d4 Nf6 2. c4 e6 3. Nc3 Bb4 4. Qc2 O-O 5. Nf3 b6 6. e3 Bb7 7. Be2 d5 8. O-O dxc4 9. Bxc4 Bxf3 10. gxf3 a6 11. Ne4 Nxe4 12. Qxe4 Qg5+ 13. Kh1 Nd7 14. Rg1 Qh5 15. Rg3 Bd6 16. f4 Nf6 17. Qg2 Qd1+ 18. Qg1 Qxg1+ 19. Kxg1 Rad8 20. Bd3 g6 21. Bd2 c5 22. Bc3 a5 23. Bc2 Nd5 24. dxc5 Bxc5 25. f5 Nxc3 26. bxc3 exf5 27. Bxf5 Rd2 28. h4 h5 29. Be4 Rfd8 30. c4 Rd1+ 31. Rxd1 Rxd1+ 32. Kg2 Ra1 33. Bd5 Kg7 34. Rf3 f6 35. Rg3 Rxa2 36. Be4 f5 37. Bxf5 Kf6 38. Bxg6 Bxe3 39. Bxh5 Bxf2 40. Rf3+ Ke5 41. Rxf2 Rxf2+ 42. Kxf2 a4 43. Bd1 a3 44. Bb3 Kd4 45. Ke2 Kc3 46. Ba2 Kb2 47. h5 Kxa2 48. h6 Kb1 49. h7 a2 50. h8=Q a1=Q 51. Qxa1+ Kxa1 52. Kd3 Kb2 53. Kd4 Kb3 1/2-1/2

[Event "32.Schlosspark-Open"]
[Site "Wiesbaden-Biebrich"]
[Date "2023.08.25"]
[Round "3.87"]
[White "Maibaum, Harry"]
[Black "Knappe, Stefan"]
[Result "1-0"]
[WhiteElo "1496"]
[BlackElo "1230"]
[PlyCount "57"]
[EventDate "2023.??.??"]
[WhiteTeam "Sfr.Heimersheim"]
[BlackTeam "SG Aufbau Elbe Magdeburg"]

1. c4 Nc6 2. g3 Nf6 3. Bg2 e6 4. e3 d5 5. b3 Bd7 6. Bb2 Bd6 7. Nf3 O-O 8. O-O Re8 9. d3 e5 10. h3 e4 11. Nd4 Qe7 12. Nc3 a6 13. cxd5 Ne5 14. dxe4 c6 15. f4 c5 16. fxe5 Qxe5 17. Nde2 Bb5 18. Rf5 Qe7 19. Nxb5 axb5 20. e5 Nxd5 21. Qxd5 Bc7 22. a3 Rad8 23. Qf3 g6 24. Rf6 Bxe5 25. Bxe5 Qxe5 26. Rf1 Qxe3+ 27. Qxe3 Rxe3 28. Nc1 Rd2 29. R6f3 1-0

[Event "32.Schlosspark-Open"]
[Site "Wiesbaden-Biebrich"]
[Date "2023.08.25"]
[Round "3.89"]
[White "Busch, Günther"]
[Black "Hellmann, Alexander"]
[Result "1/2-1/2"]
[WhiteElo "1492"]
[BlackElo "1156"]
[PlyCount "32"]
[EventDate "2023.??.??"]
[WhiteTeam "Sfr Stiller Zug Wiesbaden"]
[BlackTeam "SJ Herborn 1998"]

1. Nf3 Nc6 2. g3 Nf6 3. Bg2 e5 4. d3 Bc5 5. O-O O-O 6. c4 d6 7. Nc3 Bf5 8. e4 Bg4 9. Be3 Bb6 10. a3 Nd4 11. Bxd4 Bxd4 12. Qc2 Qd7 13. Nxd4 exd4 14. Ne2 Bxe2 15. Qxe2 Qg4 16. Qxg4 Nxg4 1/2-1/2